000 01062nam a2200313 i 4500
003 EG-GICUC
005 20260121101446.0
008 251209s1927 fr ||||fr|||| 00| 0 fre d
040 _aEG-GiCUC
_bfre
_cEG-GiCUC
_dEG-GiCUC
_eRda
041 _afre
082 0 4 _221
_a341.23
_bGO . S
092 0 4 _221
099 _aLaw1 11 341.23 GO . S 1927
100 1 _aGonsiorowski, Miroslaw
_eAuteur
245 1 0 _aSociété Des Nations Et Problème De La Paix.
_nTome II /
_cMiroslaw Gonsiorowski.
264 1 _aParis :
_bRousseau,
_c1927.
300 _a547 page ;
_c 24 cm.
336 _2rda contenu
_a texte
337 _2rda medias
_aOrdinateur
338 _2 transporteur rda
_a Ressource en ligne
500 _aInclude Membres de la Société des Nations
504 _aComprend des références bibliographiques.
546 _aTexte en français
650 1 4 _aSociété des Nations
_xDroit international public
_2qrmak
651 1 _2qrmak
856 4 0 _uhttps://fll.law.cu.edu.eg/fulltext/bks/B11-05203.pdf
905 _a75
_eHassnaa
942 _2ddc
_n0
_cBK
_e21
999 _c49412
_d49412